[Event "SRB-ch U18"]
[Site "Kragujevac"]
[Date "2017.04.12"]
[Round "2"]
[White "Perovic, Zivojin"]
[Black "Arsic, Djordje"]
[Result "1-0"]
[WhiteElo "2143"]
[BlackElo "2155"]
[PlyCount "49"]
[EventDate "2017.04.11"]
[EventType "swiss"]
[EventRounds "9"]
[EventCountry "SRB"]
[SourceTitle "EXT 2019"]
[Source "ChessBase"]
[SourceDate "2018.10.10"]
[SourceVersion "1"]
[SourceVersionDate "2018.10.10"]
[SourceQuality "1"]

1. e4 e5 2. Bc4 Nf6 3. d3 Nc6 4. Nf3 Bc5 5. 0-0 d6 6. c3 a6 7. Bb3 Ba7 8. Nbd2 0-0 9. Re1 Ne7 10. Nf1 Ng6 11. Ng3 Re8 12. h3 Qe7 13. d4 exd4 14. cxd4 c5 15. e5 dxe5 16. dxe5 Qc7 17. exf6 Bxh3 18. Bc4 Bg4 19. Re4 h5 20. Qc2 Kf8 21. fxg7+ Kxg7 22. Qd2 Qc6 23. Qh6+ Kg8 24. Bxf7+ Kxf7 25. Qh7+ 1-0

[Event "SRB-chT2 East CS"]
[Site "Kragujevac"]
[Date "2016.10.09"]
[Round "11.2"]
[White "Petrovic, Tamara"]
[Black "Arsic, Djordje"]
[Result "0-1"]
[WhiteElo "1912"]
[BlackElo "2206"]
[PlyCount "68"]
[EventDate "2016.08.26"]
[EventType "team-tourn"]
[EventRounds "11"]
[EventCountry "SRB"]
[SourceTitle "EXT 2021"]
[Source "ChessBase"]
[SourceDate "2020.10.23"]
[SourceVersion "1"]
[SourceVersionDate "2020.10.23"]
[SourceQuality "1"]

1. e4 e5 2. Nf3 Nc6 3. Bb5 a6 4. Ba4 Nf6 5. 0-0 Be7 6. Re1 b5 7. Bb3 d6 8. c3 0-0 9. h3 Na5 10. Bc2 c5 11. d4 Qc7 12. Nbd2 Bd7 13. Nf1 exd4 14. cxd4 Rac8 15. Bd3 Nc6 16. Be3 cxd4 17. Nxd4 Ne5 18. Bc2 Nc4 19. Bc1 d5 20. exd5 Bb4 21. Re2 Nxd5 22. Re4 Nf6 23. Rh4 h6 24. Ng3 Rfe8 25. Nge2 Bc6 26. a3 Bf8 27. b3 Ne5 28. Bf5 Rcd8 29. Qc2 g5 30. Bxg5 hxg5 31. Bh7+ Kg7 32. Nf5+ Kh8 33. Nfd4 gxh4 34. Qf5 Bg7 0-1

[Event "SRB-chT2 East CS"]
[Site "Kragujevac"]
[Date "2016.10.06"]
[Round "6.1"]
[White "Arsic, Djordje"]
[Black "Radisavljevic, Dalibor"]
[Result "1-0"]
[WhiteElo "2206"]
[BlackElo "1685"]
[PlyCount "95"]
[EventDate "2016.08.26"]
[EventType "team-tourn"]
[EventRounds "11"]
[EventCountry "SRB"]
[SourceTitle "EXT 2021"]
[Source "ChessBase"]
[SourceDate "2020.10.23"]
[SourceVersion "1"]
[SourceVersionDate "2020.10.23"]
[SourceQuality "1"]

1. e4 c5 2. Nf3 d6 3. Bb5+ Bd7 4. c4 e5 5. 0-0 g6 6. d3 Bg7 7. Nc3 a6 8. Bxd7+ Nxd7 9. Be3 Ne7 10. Ng5 h6 11. Nh3 0-0 12. f4 Nc6 13. Qd2 Kh7 14. Nf2 f6 15. Ng4 g5 16. fxg5 fxg5 17. h4 Rf4 18. Bxf4 gxf4 19. Qf2 Nf6 20. Nxf6+ Bxf6 21. g3 Qg8 22. Kh2 Rf8 23. Rg1 Qg4 24. gxf4 Qxf4+ 25. Qxf4 exf4 26. Kh3 Be5 27. Raf1 Bd4 28. Rg4 f3 29. Kg3 Ne5 30. Rf4 Rg8+ 31. Kh3 Nxd3 32. R4xf3 Ne5 33. Rg3 Rxg3+ 34. Kxg3 Kg7 35. Rc1 Nxc4 36. b3 Nb6 37. Kg4 Nd7 38. Kf5 Kf7 39. Ne2 Be5 40. Ng1 Nf8 41. Nf3 Ng6 42. Nxe5+ Nxe5 43. Rd1 Ke7 44. Rd5 Nd7 45. Kg6 Nf6 46. Rxd6 Kxd6 47. Kxf6 Kd7 48. e5 1-0

[Event "SRB Central-ch op-A 9th"]
[Site "Paracin"]
[Date "2016.07.12"]
[Round "7"]
[White "Arsic, Djordje"]
[Black "Dimitrov, Vladimir"]
[Result "1/2-1/2"]
[WhiteElo "2232"]
[BlackElo "2413"]
[PlyCount "40"]
[EventDate "2016.07.07"]
[EventType "swiss"]
[EventRounds "9"]
[EventCountry "SRB"]
[SourceTitle "CBM 173 Extra"]
[Source "ChessBase"]
[SourceDate "2016.08.29"]
[SourceVersion "1"]
[SourceVersionDate "2016.08.29"]
[SourceQuality "1"]

1. e4 c5 2. Nf3 e6 3. Qe2 Nc6 4. g3 g6 5. Bg2 Bg7 6. h4 h6 7. c3 Nge7 8. 0-0 d6 9. Rd1 e5 10. Na3 0-0 11. Nc2 f5 12. exf5 gxf5 13. d4 cxd4 14. cxd4 e4 15. Nh2 d5 16. f3 Be6 17. Be3 Qd6 18. Nf1 Bf7 19. fxe4 fxe4 20. Bf4 Qd7 1/2-1/2

[Event "SRB Central-ch op-A 9th"]
[Site "Paracin"]
[Date "2016.07.08"]
[Round "2"]
[White "Can, Isik"]
[Black "Arsic, Djordje"]
[Result "0-1"]
[WhiteElo "2072"]
[BlackElo "2232"]
[PlyCount "96"]
[EventDate "2016.07.07"]
[EventType "swiss"]
[EventRounds "9"]
[EventCountry "SRB"]
[SourceTitle "CBM 173 Extra"]
[Source "ChessBase"]
[SourceDate "2016.08.29"]
[SourceVersion "1"]
[SourceVersionDate "2016.08.29"]
[SourceQuality "1"]

1. e4 e5 2. Nf3 Nc6 3. Bb5 a6 4. Ba4 Nf6 5. 0-0 Be7 6. Re1 b5 7. Bb3 d6 8. c3 0-0 9. h3 Na5 10. Bc2 c5 11. d4 Qc7 12. Nbd2 Bd7 13. Nf1 Rac8 14. d5 Ne8 15. Ng3 g6 16. Bh6 Ng7 17. b3 c4 18. b4 Nb7 19. Qd2 f6 20. a4 Ra8 21. h4 a5 22. axb5 axb4 23. cxb4 Bxb5 24. Qc3 Rfc8 25. Nd2 Nd8 26. Rec1 Rab8 27. Be3 Rb7 28. Bd1 f5 29. exf5 gxf5 30. Bg5 Bxg5 31. hxg5 Qf7 32. Be2 Qxd5 33. Nxc4 Rbc7 34. Ra5 Nb7 35. Rd1 Qc6 36. Ra7 d5 37. Qxe5 Bxc4 38. Bxc4 dxc4 39. Nxf5 Nxf5 40. Qxf5 c3 41. Rc1 Rf7 42. Qd3 Qb6 43. Rxc3 Qxf2+ 44. Kh2 Qf4+ 45. Kh3 Rd8 46. Qg3 Qxb4 47. Rb3 Qe4 48. Kh2 Qd5 0-1

[Event "SRB-ch U18"]
[Site "Kragujevac"]
[Date "2016.05.06"]
[Round "7"]
[White "Arsic, Djordje"]
[Black "Perovic, Zivojin"]
[Result "1/2-1/2"]
[WhiteElo "2191"]
[BlackElo "2213"]
[PlyCount "71"]
[EventDate "2016.05.02"]
[EventType "swiss"]
[EventRounds "9"]
[EventCountry "SRB"]
[SourceTitle "CBM 172 Extra"]
[Source "ChessBase"]
[SourceDate "2016.06.21"]
[SourceVersion "1"]
[SourceVersionDate "2016.06.21"]
[SourceQuality "1"]

1. e4 c5 2. Nf3 d6 3. Bb5+ Bd7 4. c4 Nf6 5. Nc3 a6 6. Bxd7+ Qxd7 7. 0-0 g6 8. d4 cxd4 9. Nxd4 Bg7 10. b3 0-0 11. Bb2 Nc6 12. Re1 Rac8 13. Qd2 Rfd8 14. Rad1 Qc7 15. h3 Qa5 16. Nxc6 bxc6 17. Na4 Qc7 18. Qe2 Nd7 19. Bxg7 Kxg7 20. f4 e5 21. f5 f6 22. fxg6 hxg6 23. c5 Nxc5 24. Nxc5 Qb6 25. Qxa6 Qxc5+ 26. Kh1 Rc7 27. Rc1 Ra7 28. Qxc6 Qxc6 29. Rxc6 Rxa2 30. Rc7+ Kh6 31. Rf7 Kg5 32. h4+ Kxh4 33. Rxf6 g5 34. Rh6+ Kg4 35. Kh2 Rb2 36. Rh3 1/2-1/2

[Event "SRB-ch U18"]
[Site "Kragujevac"]
[Date "2016.05.05"]
[Round "5"]
[White "Arsic, Djordje"]
[Black "Radovic, Janko"]
[Result "1/2-1/2"]
[WhiteElo "2191"]
[BlackElo "2311"]
[PlyCount "64"]
[EventDate "2016.05.02"]
[EventType "swiss"]
[EventRounds "9"]
[EventCountry "SRB"]
[SourceTitle "CBM 172 Extra"]
[Source "ChessBase"]
[SourceDate "2016.06.21"]
[SourceVersion "1"]
[SourceVersionDate "2016.06.21"]
[SourceQuality "1"]

1. e4 c5 2. Nf3 d6 3. Bb5+ Nd7 4. 0-0 a6 5. Bxd7+ Bxd7 6. Re1 Nf6 7. e5 dxe5 8. Nxe5 e6 9. d3 Qc7 10. Qf3 Bd6 11. Nxd7 Nxd7 12. h3 0-0 13. Nc3 b5 14. a4 Rab8 15. axb5 axb5 16. Ne2 Nb6 17. Bf4 Nd5 18. Bxd6 Qxd6 19. Nc3 Nxc3 20. bxc3 b4 21. cxb4 cxb4 22. Reb1 Qd4 23. Ra2 Rfc8 24. Rab2 h6 25. Qe4 Qxe4 26. dxe4 Rc4 27. f3 Rd8 28. Rxb4 Rxc2 29. Rb8 Rxb8 30. Rxb8+ Kh7 31. Kh2 g5 32. Rf8 Kg7 1/2-1/2

[Event "SRB-ch U18"]
[Site "Kragujevac"]
[Date "2016.05.02"]
[Round "1"]
[White "Cevizovic, Milos"]
[Black "Arsic, Djordje"]
[Result "0-1"]
[WhiteElo "1702"]
[BlackElo "2191"]
[PlyCount "64"]
[EventDate "2016.05.02"]
[EventType "swiss"]
[EventRounds "9"]
[EventCountry "SRB"]
[SourceTitle "CBM 172 Extra"]
[Source "ChessBase"]
[SourceDate "2016.06.21"]
[SourceVersion "1"]
[SourceVersionDate "2016.06.21"]
[SourceQuality "1"]

1. e4 e5 2. Nf3 Nc6 3. d4 exd4 4. Nxd4 Nf6 5. Nc3 Bb4 6. Nxc6 bxc6 7. Bd3 d5 8. exd5 cxd5 9. 0-0 0-0 10. Bg5 c6 11. Qf3 Be7 12. h3 Rb8 13. b3 Re8 14. Ne2 Ne4 15. Bxe7 Qxe7 16. Qf4 Rb4 17. a3 Rb6 18. Rfe1 c5 19. Ng3 Re6 20. Nxe4 dxe4 21. Bc4 Rg6 22. Re3 Rf6 23. Qh4 Qe5 24. Rae1 Rf4 25. Qg3 h5 26. Bd3 h4 27. Qh2 Bb7 28. f3 f5 29. fxe4 fxe4 30. Kh1 Ref8 31. g3 exd3+ 32. Kg1 Qxe3+ 0-1

[Event "Vojvodina-ch 6th"]
[Site "Novi Sad"]
[Date "2015.07.29"]
[Round "7"]
[White "Arsic, Djordje"]
[Black "Milanovic, Maja"]
[Result "1-0"]
[WhiteElo "2153"]
[BlackElo "1900"]
[PlyCount "93"]
[EventDate "2015.07.25"]
[EventType "swiss"]
[EventRounds "9"]
[EventCountry "YUG"]
[SourceTitle "EXT 2017"]
[Source "ChessBase"]
[SourceDate "2016.10.25"]
[SourceVersion "1"]
[SourceVersionDate "2016.10.25"]
[SourceQuality "1"]

1. e4 c5 2. Nf3 e6 3. d4 cxd4 4. Nxd4 a6 5. Nc3 Qc7 6. Qf3 Nc6 7. Nxc6 bxc6 8. Bf4 e5 9. Be3 Rb8 10. Bc4 Nf6 11. h3 Qa5 12. Bb3 Bb4 13. Bg5 Ke7 14. 0-0 Bxc3 15. bxc3 h6 16. Bxf6+ gxf6 17. Qh5 d5 18. f4 Qxc3 19. exd5 Rxb3 20. d6+ Ke8 21. cxb3 e4 22. f5 Rg8 23. Rae1 Qd4+ 24. Kh1 c5 25. Rd1 Qb2 26. Rg1 Bd7 27. Qxh6 Bxf5 28. Qe3 Qe5 29. Rc1 Qd4 30. Qf4 Bd7 31. Rgd1 Qe5 32. Qxe5+ fxe5 33. Rxc5 f6 34. Re1 Bf5 35. g4 Be6 36. Rc7 Kd8 37. Ra7 Bd5 38. Kh2 f5 39. gxf5 e3 40. h4 Rg2+ 41. Kh3 e2 42. Re7 Rf2 43. Rxe5 Bf3 44. Kg3 Rf1 45. R1xe2 Bxe2 46. Rxe2 Rxf5 47. Rd2 1-0

[Event "SRB Central-ch op-A 8th"]
[Site "Paracin"]
[Date "2015.07.08"]
[Round "7"]
[White "Arsic, Djordje"]
[Black "Breivik, Lars H"]
[Result "1/2-1/2"]
[WhiteElo "2153"]
[BlackElo "2247"]
[PlyCount "54"]
[EventDate "2015.07.03"]
[EventType "swiss"]
[EventRounds "9"]
[EventCountry "SRB"]
[SourceTitle "CBM 167 Extra"]
[Source "ChessBase"]
[SourceDate "2015.09.14"]
[SourceVersion "1"]
[SourceVersionDate "2015.09.14"]
[SourceQuality "1"]

1. e4 b6 2. Nc3 Bb7 3. g3 e6 4. Bg2 f5 5. d3 Nf6 6. Nge2 Bc5 7. 0-0 fxe4 8. Nxe4 Nxe4 9. dxe4 Nc6 10. Nf4 Qe7 11. Nd5 exd5 12. exd5 0-0 13. dxc6 dxc6 14. Bf4 Rad8 15. Qh5 Rde8 16. c4 Qe2 17. Qxe2 Rxe2 18. b3 g5 19. Bxg5 Rfxf2 20. Rxf2 Rxf2 21. Kh1 Bd4 22. Rd1 Rxa2 23. h4 Be5 24. Rd8+ Kf7 25. Rd7+ Kf8 26. Rd8+ Kf7 27. Rd7+ Kf8 1/2-1/2

[Event "SRB Central-ch op-A 8th"]
[Site "Paracin"]
[Date "2015.07.07"]
[Round "6"]
[White "Konstantinov, Aleksandar1111"]
[Black "Arsic, Djordje"]
[Result "0-1"]
[WhiteElo "2046"]
[BlackElo "2153"]
[PlyCount "82"]
[EventDate "2015.07.03"]
[EventType "swiss"]
[EventRounds "9"]
[EventCountry "SRB"]
[SourceTitle "CBM 167 Extra"]
[Source "ChessBase"]
[SourceDate "2015.09.14"]
[SourceVersion "1"]
[SourceVersionDate "2015.09.14"]
[SourceQuality "1"]

1. d4 Nf6 2. c4 e6 3. Nc3 Bb4 4. e3 0-0 5. Nge2 Re8 6. a3 Bf8 7. e4 d5 8. e5 Nfd7 9. c5 b6 10. b4 a5 11. Rb1 axb4 12. axb4 bxc5 13. bxc5 Ba6 14. Ng3 Bxf1 15. Nxf1 f6 16. f4 Nc6 17. Ng3 fxe5 18. fxe5 Qh4 19. Be3 Ra3 20. Rc1 Ndxe5 21. dxe5 d4 22. 0-0 Rd8 23. Rf4 dxc3 24. Rxh4 Rxd1+ 25. Rxd1 c2 26. Rc1 Rxe3 27. Rxc2 Rxe5 28. Re4 Rd5 29. Rec4 Nd4 30. R2c3 Nb5 31. Rc1 Nd4 32. c6 Bd6 33. Rb1 Be5 34. Ne4 Nf5 35. Ng5 Kf8 36. Nxe6+ Ke7 37. Nf4 Rd2 38. Re1 Kd6 39. Kh1 Ne3 40. Re4 Bxf4 41. Rxf4 Nxg2 0-1

[Event "SRB Central-ch op-A 8th"]
[Site "Paracin"]
[Date "2015.07.06"]
[Round "4"]
[White "Henriksen, Geir Ivar"]
[Black "Arsic, Djordje"]
[Result "0-1"]
[WhiteElo "2192"]
[BlackElo "2153"]
[PlyCount "98"]
[EventDate "2015.07.03"]
[EventType "swiss"]
[EventRounds "9"]
[EventCountry "SRB"]
[SourceTitle "CBM 167 Extra"]
[Source "ChessBase"]
[SourceDate "2015.09.14"]
[SourceVersion "1"]
[SourceVersionDate "2015.09.14"]
[SourceQuality "1"]

1. c4 Nf6 2. g3 e5 3. Bg2 h6 4. d3 Bb4+ 5. Nd2 c6 6. Ngf3 Qe7 7. a3 Ba5 8. 0-0 0-0 9. b4 Bc7 10. Bb2 d5 11. cxd5 cxd5 12. Rc1 a6 13. e4 dxe4 14. Nxe4 Nxe4 15. dxe4 Nc6 16. Nh4 Rd8 17. Qh5 Qg5 18. Qxg5 hxg5 19. Nf5 Bb6 20. Rcd1 Be6 21. Bc1 f6 22. Ne3 Bd4 23. Nd5 Rac8 24. Be3 Kf7 25. Rb1 Bxe3 26. Nxe3 Nd4 27. Rb2 g4 28. Nc2 b5 29. Nxd4 Rxd4 30. f3 Bc4 31. Ra1 gxf3 32. Bxf3 Bd3 33. Rd2 Rcc4 34. Rad1 Rc3 35. Ra1 Rdc4 36. Rxd3 Rxd3 37. Be2 Re3 38. Bxc4+ bxc4 39. a4 Rb3 40. b5 axb5 41. axb5 Rxb5 42. Ra7+ Kg6 43. Rc7 Rb1+ 44. Kg2 Rc1 45. Kf2 c3 46. Kf3 c2 47. Kg4 Kh6 48. Kh4 g6 49. Kh3 Kg5 0-1

[Event "SRB Central-ch op-A 8th"]
[Site "Paracin"]
[Date "2015.07.04"]
[Round "2"]
[White "Carnic, Srdjan"]
[Black "Arsic, Djordje"]
[Result "1-0"]
[WhiteElo "2317"]
[BlackElo "2153"]
[PlyCount "80"]
[EventDate "2015.07.03"]
[EventType "swiss"]
[EventRounds "9"]
[EventCountry "SRB"]
[SourceTitle "CBM 167 Extra"]
[Source "ChessBase"]
[SourceDate "2015.09.14"]
[SourceVersion "1"]
[SourceVersionDate "2015.09.14"]
[SourceQuality "1"]

1. e4 e5 2. Nf3 Nc6 3. Bc4 Nf6 4. d3 Be7 5. 0-0 d6 6. c3 0-0 7. Bb3 Na5 8. Bc2 c5 9. Nbd2 Qc7 10. Re1 Nc6 11. Nf1 h6 12. Ng3 Re8 13. h3 Be6 14. Nh4 d5 15. Nhf5 Bf8 16. Qf3 Qd8 17. Bb3 c4 18. dxc4 dxe4 19. Nxe4 Nxe4 20. Qxe4 Qd7 21. Bc2 Bxf5 22. Qxf5 Qxf5 23. Bxf5 Rad8 24. Be3 b6 25. Rad1 Na5 26. b3 Nb7 27. Bd7 Re7 28. Bc6 Rc8 29. Bd5 g6 30. f4 Nd6 31. fxe5 Rxe5 32. Bf4 Rxe1+ 33. Rxe1 b5 34. Rf1 Rc7 35. cxb5 Rxc3 36. Bxd6 Bxd6 37. Bxf7+ Kg7 38. Bc4 g5 39. a4 Bc5+ 40. Kh1 Bb6 1-0

[Event "SRB Central-ch op-A 8th"]
[Site "Paracin"]
[Date "2015.07.03"]
[Round "1"]
[White "Arsic, Djordje"]
[Black "Filev, Georgi"]
[Result "1/2-1/2"]
[WhiteElo "2153"]
[BlackElo "2344"]
[PlyCount "69"]
[EventDate "2015.07.03"]
[EventType "swiss"]
[EventRounds "9"]
[EventCountry "SRB"]
[SourceTitle "CBM 167 Extra"]
[Source "ChessBase"]
[SourceDate "2015.09.14"]
[SourceVersion "1"]
[SourceVersionDate "2015.09.14"]
[SourceQuality "1"]

1. e4 e6 2. d4 d5 3. Nc3 Bb4 4. e5 c5 5. a3 Bxc3+ 6. bxc3 Ne7 7. Qg4 0-0 8. Nf3 Nbc6 9. Bd3 f5 10. exf6 Rxf6 11. Bg5 Rf7 12. Ne5 Nxe5 13. dxe5 c4 14. Be2 Qa5 15. Bd2 Bd7 16. 0-0 Raf8 17. Qg3 Ba4 18. Bh5 g6 19. Bd1 Qb6 20. Bc1 Nf5 21. Qg4 Qc7 22. f4 Qc5+ 23. Kh1 Ne3 24. Bxe3 Qxe3 25. Qxe6 Qxc3 26. Rb1 Bc6 27. Bf3 Re8 28. Qd6 Qxc2 29. Bxd5 Bxd5 30. Qxd5 Qd3 31. Qxd3 cxd3 32. Rbd1 g5 33. g3 gxf4 34. gxf4 Ref8 35. Rxd3 1/2-1/2

[Event "SRB-ch U16"]
[Site "Vrbas"]
[Date "2015.04.13"]
[Round "6"]
[White "Arsic, Djordje"]
[Black "Perovic, Zivojin"]
[Result "0-1"]
[WhiteElo "2177"]
[BlackElo "2024"]
[PlyCount "118"]
[EventDate "2015.04.09"]
[EventType "swiss"]
[EventRounds "9"]
[EventCountry "SRB"]
[SourceTitle "EXT 2016"]
[Source "ChessBase"]
[SourceDate "2015.10.08"]
[SourceVersion "1"]
[SourceVersionDate "2015.10.08"]
[SourceQuality "1"]

1. e4 c5 2. Nf3 d6 3. d4 cxd4 4. Qxd4 Nc6 5. Bb5 Bd7 6. Bxc6 Bxc6 7. Nc3 Nf6 8. Bg5 e6 9. 0-0-0 Be7 10. Rhe1 0-0 11. Bxf6 Bxf6 12. Qxd6 Bxc3 13. Qxd8 Bxb2+ 14. Kxb2 Rfxd8 15. Nd4 Ba4 16. Nb3 b6 17. f3 e5 18. Rd5 f6 19. c4 Bc6 20. Rdd1 Kf8 21. Kc3 Ke7 22. c5 Ba4 23. Rd5 Bxb3 24. axb3 Rxd5 25. exd5 bxc5 26. Kc4 Kd6 27. Ra1 a5 28. Ra4 Ra7 29. Ra1 g6 30. Ra2 f5 31. g3 Ra8 32. Ra1 h6 33. Ra2 h5 34. h4 Ra7 35. Ra1 Ra8 36. Ra2 e4 37. fxe4 fxe4 38. Rf2 Re8 39. Rf6+ Kd7 40. Kxc5 e3 41. Rf1 e2 42. Re1 Re4 43. d6 Re5+ 44. Kd4 Kxd6 45. Kd3 Kc5 46. Kc3 Re6 47. Kd2 Kd4 48. Rxe2 Rxe2+ 49. Kxe2 Kc3 50. Kf3 Kxb3 51. Kf4 a4 52. Kg5 a3 53. Kxg6 a2 54. Kxh5 a1Q 55. g4 Qg7 56. g5 Kc4 57. g6 Kd5 58. Kg5 Ke6 59. h5 Ke7 0-1

[Event "SRB-ch U16"]
[Site "Vrbas"]
[Date "2015.04.12"]
[Round "5"]
[White "Kozaicevski, Fedja"]
[Black "Arsic, Djordje"]
[Result "0-1"]
[WhiteElo "1936"]
[BlackElo "2177"]
[PlyCount "60"]
[EventDate "2015.04.09"]
[EventType "swiss"]
[EventRounds "9"]
[EventCountry "SRB"]
[SourceTitle "EXT 2016"]
[Source "ChessBase"]
[SourceDate "2015.10.08"]
[SourceVersion "1"]
[SourceVersionDate "2015.10.08"]
[SourceQuality "1"]

1. e4 e5 2. Nf3 Nc6 3. d4 exd4 4. c3 d5 5. exd5 Qxd5 6. cxd4 Bb4+ 7. Nc3 Nf6 8. Bd2 Qa5 9. Bb5 0-0 10. Bxc6 bxc6 11. 0-0 Bg4 12. h3 Bh5 13. g4 Bg6 14. Ne5 c5 15. Nc6 Qb6 16. Ne7+ Kh8 17. Nxg6+ fxg6 18. a3 Bxc3 19. Bxc3 cxd4 20. Qxd4 c5 21. Qc4 Qc6 22. Rae1 Nd5 23. Re5 Nf4 24. f3 Nxh3+ 25. Kh2 Rxf3 26. Rxf3 Qxf3 27. Qe6 Rf8 28. Re3 Ng5 29. Bxg7+ Kxg7 30. Qd7+ Rf7 0-1

[Event "SRB Central-chT qual"]
[Site "Nis"]
[Date "2014.10.03"]
[Round "2"]
[White "Radivojevic, Tomislav"]
[Black "Arsic, Djordje"]
[Result "0-1"]
[WhiteElo "2193"]
[BlackElo "2119"]
[PlyCount "119"]
[EventDate "2014.10.02"]
[EventType "team-tourn"]
[EventRounds "7"]
[EventCountry "SRB"]
[SourceTitle "CBM 163 Extra"]
[Source "ChessBase"]
[SourceDate "2014.12.23"]
[SourceVersion "1"]
[SourceVersionDate "2014.12.23"]
[SourceQuality "1"]

1. Nf3 Nf6 2. g3 b6 3. Bg2 Bb7 4. 0-0 e6 5. d4 Be7 6. Nbd2 0-0 7. b3 c5 8. c3 Na6 9. Bb2 Rc8 10. Rc1 Qc7 11. Re1 Rfd8 12. e4 d6 13. Qe2 cxd4 14. Nxd4 Nc5 15. c4 a6 16. Rc2 Qb8 17. b4 Ncd7 18. a3 Qa8 19. f3 Bf8 20. Nf1 g6 21. Ne3 Bg7 22. Rec1 Qa7 23. Nb3 Bc6 24. b5 Bb7 25. Nd4 Nc5 26. bxa6 Bxa6 27. Nb5 Qe7 28. Bh3 Rc6 29. Rd1 Ne8 30. Bxg7 Kxg7 31. Rcd2 Nb3 32. Rd3 Nc5 33. R3d2 Rcc8 34. Nd4 Kg8 35. Rb1 Nd7 36. Nb5 Rc6 37. f4 Bxb5 38. Rxb5 Nc7 39. Rb1 Nf6 40. Bg2 d5 41. Rbd1 Qxa3 42. e5 Nfe8 43. cxd5 Rc3 44. Kf2 exd5 45. Nxd5 Nxd5 46. Bxd5 Qc5+ 47. Kf1 Kg7 48. Qf2 Qb5+ 49. Kg2 Nc7 50. Bf3 Rc8 51. Bg4 Ne6 52. Bxe6 fxe6 53. Rd7+ Kg8 54. Rd8+ Rxd8 55. Rxd8+ Kg7 56. Kh3 Rc6 57. Rd7+ Kh6 58. Rf7 Qd3 59. Kh4 Rc4 60. Qxb6 0-1

[Event "Senta op 18th"]
[Site "Senta"]
[Date "2014.07.25"]
[Round "8"]
[White "Arsic, Djordje"]
[Black "Vucurovic, Nebojsa"]
[Result "1-0"]
[WhiteElo "2055"]
[BlackElo "1921"]
[PlyCount "61"]
[EventDate "2014.07.19"]
[EventType "swiss"]
[EventRounds "9"]
[EventCountry "SRB"]
[SourceTitle "CBM 161 Extra"]
[Source "ChessBase"]
[SourceDate "2014.08.29"]
[SourceVersion "1"]
[SourceVersionDate "2014.08.29"]
[SourceQuality "1"]

1. e4 e5 2. Bc4 Nf6 3. Qe2 Nc6 4. Nf3 Bc5 5. c3 Qe7 6. d3 d6 7. Nbd2 Bb6 8. h3 h6 9. Nf1 Na5 10. Bb5+ Bd7 11. Bxd7+ Qxd7 12. Ng3 g6 13. 0-0 Nc6 14. Rd1 0-0-0 15. a4 a6 16. b4 a5 17. b5 Ne7 18. d4 exd4 19. cxd4 Rde8 20. Bb2 Rhf8 21. Ne5 Qd8 22. Nc4 Kb8 23. Nxb6 cxb6 24. Qf3 Nfg8 25. d5 f5 26. e5 h5 27. exd6 Qxd6 28. Ba3 Qd7 29. d6 Nc8 30. Rac1 Ka7 31. Rc7 1-0

[Event "Senta op 18th"]
[Site "Senta"]
[Date "2014.07.20"]
[Round "2"]
[White "Arsic, Djordje"]
[Black "Atalik, Suat"]
[Result "0-1"]
[WhiteElo "2055"]
[BlackElo "2550"]
[PlyCount "94"]
[EventDate "2014.07.19"]
[EventType "swiss"]
[EventRounds "9"]
[EventCountry "SRB"]
[SourceTitle "CBM 163"]
[Source "ChessBase"]
[SourceDate "2014.11.11"]
[SourceVersion "1"]
[SourceVersionDate "2014.11.11"]
[SourceQuality "1"]

1. e4 e5 2. Nf3 Nc6 3. Nc3 Nf6 4. d4 Bb4 5. d5 Ne7 6. Nxe5 d6 7. Bb5+ c6 8. dxc6 0-0 9. Nd7 Bxd7 10. cxd7 Nxe4 11. Qd3 Nc5 12. Qxd6 Qa5 13. 0-0 Ne6 14. Qd3 Bxc3 15. bxc3 Ng6 16. f4 a6 17. Bc4 Rfd8 18. Bxe6 fxe6 19. f5 Ne5 20. Qd6 Rxd7 21. Qxe6+ Rf7 22. Bf4 Qc5+ 23. Kh1 Ng4 24. h3 Nf6 25. Qe5 Rc8 26. Rf3 Qc6 27. Bg5 Ne4 28. Bh4 Re8 29. Qf4 Nxc3 30. f6 Nd5 31. Qg3 Nxf6 32. Raf1 Ne4 33. Qg4 Rxf3 34. Qxf3 h6 35. Qf7+ Kh7 36. Re1 Re6 37. Qf5+ Kg8 38. Rd1 Re8 39. Qd7 Re6 40. Qd8+ Kh7 41. Qf8 Qxc2 42. Rd8 Qc1+ 43. Kh2 Qc7+ 44. Kh1 Nf6 45. Rc8 Qf4 46. Qf7 Re2 47. Qxb7 Qxh4 0-1